Countries With the Least Strict Laws - Statistics

General Stats
  • This quiz has been taken 77 times
  • The average score is 7 of 10
Answer Stats
Rank Country % Correct
3 Denmark
86%
6 Finland
86%
9 Sweden
85%
8 Australia
77%
7 Canada
74%
1 Switzerland
74%
2 New Zealand
73%
5 Ireland
64%
10 Luxembourg
58%
4 Estonia
55%
No matching quizzes found
Score Distribution
Percent of People with Each Score
Percentile by Number Answered
Your Score History
You have not taken this quiz